Statistiques concernant Pays où "Dirás que estoy loco" de Miguel Ángel Munoz s'est classé

Cliquez ici pour prendre le quiz!

Statistiques générales

  • Ce quiz a été pris 11 fois
  • Le résultat moyen est 4 sur 5

Statistiques - réponses

Position dans les chartsPays% Correct
1Espagne
100%
3France
100%
2Italie
73%
16Belgique
64%
17Suisse
45%

Distribution des résultats

Percentile par nombre de réponses

% des personnes avec chaque résultat

Votre développement - résultats

Vous n’avez pas pris ce quiz